Doctor Who: Thirteen Doctors in One Minute - Statistics

General Stats
  • This quiz has been taken 890 times
  • The average score is 8 of 13
Answer Stats
Number Doctor % Correct
First William Hartnell
86%
Forth Tom Baker
79%
Second Patrick Troughton
77%
Sixth Colin Baker
71%
Third John Pertwee
71%
Fifth Peter Davison
66%
Seventh Sylvester McCoy
65%
Eighth Paul McGann
61%
Twelfth Matt Smith
46%
Eleventh David Tennant
45%
Thirteenth Peter Capaldi
40%
Tenth Christopher Eccleston
39%
Ninth John Hurt
36%
No matching quizzes found
Score Distribution
Percent of People with Each Score
Percentile by Number Answered
Your Score History
You have not taken this quiz